| 000 | 00898nas a2200301 4500 | ||
|---|---|---|---|
| 001 | BR2010000303 | ||
| 003 | BR-BrBNA | ||
| 005 | 20231205113829.0 | ||
| 007 | ta | ||
| 008 | 230509b bl.|||p| |||| 00| 00por d | ||
| 040 |
_aBR-BrBNA _bpor _cBiblioteca Nacional de Agricultura |
||
| 041 | _a(Pt) | ||
| 072 | _aL40 | ||
| 100 | 1 | _aCamisso, I.F. | |
| 100 | 1 | _aCarvalho, G.R. de | |
| 100 | 1 | _aSilva, E.C. da | |
| 100 | 1 | _aRodrigues, A.L. | |
| 100 | 1 | _aKer, P.G. | |
| 100 | 1 | _aGuimarâes, J.D. | |
| 245 | 1 | _aAlguns aspectos biométricos do aparelho genital externo de jumentos doadores de sêmen da raça Pêga | |
| 650 | _aJUMENTO | ||
| 650 | _aAPARELHO REPRODUTOR | ||
| 650 | _aSEMEN | ||
| 650 | _aBIOMETRIA | ||
| 773 | 0 |
_tCiência Rural (Brazil) _xISSN 0103-8478 _g(Dec 2009), v. 39(9) p. 2556-2562 _wBR2010000303 |
|
| 909 |
_a202311 _bLúcia _c55 _dLúcia Elande |
||
| 942 |
_2AGRIS _n0 _cANA |
||
| 999 |
_c205847 _d205847 |
||